[Event "BLR-ch 1st Stage Men 2020"]
[Site "Minsk"]
[Date "2020.02.01"]
[Round "2.4"]
[White "Lazavik, Denis"]
[Black "Leinov, Roman"]
[Result "1/2-1/2"]
[WhiteElo "2411"]
[BlackElo "2168"]
[Annotator "TA"]
[PlyCount "177"]
[EventDate "2020.02.01"]
[EventType "swiss"]
[EventCountry "BLR"]
[SourceTitle "playchess.com"]
[Source "ChessBase"]
[SourceQuality "1"]

{[%evp 18,177,4,0,5,2,22,-8,-14,-17,0,-9,25,0,16,0,0,0,41,0,0,0,0,6,0,-29,9,31,14,9,66,6,38,39,27,36,23,-5,-22,-100,-98,-100,-99,-129,-125,-172,-160,-173,-183,-204,-203,-232,-145,-203,-206,-195,-157,-159,-165,-174,-169,-219,-172,-266,-272,-272,-260,-226,-166,-227,-225,-256,-250,-246,-241,-247,-241,-242,-181,-175,-166,-166,-166,-166,-166,-166,-166,-166,-166,-166,-166,-166,-166,-166,-166,-166,-166,-166,-166,-166,-166,-166,-166,-166,-129,-133,-128,-189,-159,-225,-225,-225,-225,-225,-225,-224,-224,-218,-137,-152,-152,-224,-97,-97,-97,-97,-97,-97,0,0,0,-97,-97,-97,-97,-97,-89,-89,-89,-89,-89,-89,-89,-89,-89,-89,-89,-89,-89,-89,-89,-89,-89,-89,-89,-89,0,-89,0,-113,0,-1625]} 1. d4 d5 2. c4 c6 3. Nf3 Nf6 4. Qc2 g6 5. e3 Bf5 6. Bd3 Bxd3 7. Qxd3 Bg7 8. O-O O-O 9. Nc3 Nbd7 10. b3 Re8 {D94: Grünfeld: 4 Nf3 Bg7 5 e3} 11. Bb2 dxc4 12. bxc4 e5 {Strongly threatening ...e4.} 13. Qc2 {[#]} exd4 $146 ({Predecessor:} 13... Qa5 14. Rfd1 exd4 15. exd4 Nb6 16. Qb3 Qa6 17. Ne5 Rad8 18. c5 Nbd5 19. a4 Re7 {½-½ (32) Gergs,W-Franck,R Bad Schandau 1995}) 14. exd4 h6 15. a4 Qa5 16. Nd1 Ne4 17. Ne3 Rad8 18. Rfe1 Ng5 19. Nd2 Nf6 20. c5 Qc7 21. Ndc4 Nd5 22. Nd6 Nxe3 23. fxe3 Re7 (23... Rxd6 $11 24. cxd6 Qxd6) 24. e4 ({Better is} 24. h4 $14 Ne6 25. h5) 24... Ne6 25. e5 b6 26. cxb6 axb6 27. Qf2 c5 28. d5 (28. dxc5 $11 Qxc5 29. Re3) 28... Nd4 $1 $17 29. Bxd4 cxd4 30. Nb5 Qc5 31. d6 Rxe5 32. Rac1 Qd5 33. Red1 Rf5 34. Qc2 Rg5 35. Kh1 (35. g3 $17) 35... Be5 $19 36. Qc6 Bxd6 {aiming for ...Qxc6.} 37. Rxd4 Qxc6 38. Rxc6 {Black must now prevent h4.} Re8 {[%cal Re8e1]} 39. g3 Bc5 40. Rd2 (40. Rd1 {is a better defense.}) 40... Re1+ 41. Kg2 Rg1+ 42. Kf3 Ra1 43. Rc8+ (43. Nd6 {might work better.}) 43... Kh7 44. Nc3 Ra3 45. Rc2 Re5 {Hoping for ...Re3+.} 46. Kg2 Kg7 47. Ra8 Bb4 48. Rc8 Bxc3 49. R8xc3 Rxa4 {[%mdl 4096] Endgame KRR-KRR} 50. Rb2 b5 51. Rc7 Rae4 52. Kf3 Rd4 53. Rb7 Rdd5 54. Kg2 h5 55. Rf2 Rf5 56. Rb2 Rc5 57. Rb8 Kf6 58. Re2 Kg5 59. Kh3 Rfe5 60. Rb2 f5 61. Rb6 {[#]} h4 $1 62. gxh4+ (62. Rb7 $17 {was necessary.}) 62... Kh5 63. Kg3 (63. Rg2 $17) 63... Rc3+ 64. Kg2 Re4 ({Not} 64... Kxh4 65. Rxg6 Re4 66. Rxb5 $15) 65. R6xb5 Rg4+ 66. Kf2 Rxh4 67. Kg2 Rch3 68. Kg1 Rg4+ 69. Rg2 (69. Kh1 $17) 69... Ra4 (69... Ra3 $19 {and Black stays clearly on top. And now ...Ra1+ would win.} 70. Rbb2 Rxg2+ 71. Kxg2 g5) 70. Rb8 $17 {[%cal Rb8h8]} Ra1+ 71. Kf2 {[%cal Rb8h8]} Ra2+ 72. Kg1 {[%cal Rb8h8]} Ra1+ 73. Kf2 {[%cal Rb8h8]} Ra2+ 74. Kg1 {[%cal Rb8h8]} Rxg2+ 75. Kxg2 {KR-KR} Ra3 76. Rg8 f4 77. h3 Rg3+ 78. Kh2 Kg5 79. Rf8 Ra3 80. Kg2 Ra2+ 81. Kf3 Rh2 82. Rh8 {[#]} Rh1 $1 83. Kg2 Ra1 (83... Rd1 {is interesting.} 84. Kf3 Rf1+ 85. Ke2 Rc1 86. Kf2 Rc2+) 84. Rf8 Ra3 85. Rf7 Ra2+ 86. Kf3 Ra3+ 87. Kg2 $1 Ra2+ 88. Kf3 Ra3+ (88... Rh2 $17 89. Rh7 Rh1) 89. Ke4 $2 {[%mdl 40960] Accuracy: White = 71%, Black = 75%. . An unexpected result.} (89. Kg2 $11) 1/2-1/2

[Event "BLR-ch 1st Stage Men 2020"]
[Site "Minsk"]
[Date "2020.02.01"]
[Round "2.6"]
[White "Strybuk, Artsiom I"]
[Black "Tsyhanchuk, Stanislav"]
[Result "1-0"]
[WhiteElo "2166"]
[BlackElo "2350"]
[Annotator "TA"]
[PlyCount "117"]
[EventDate "2020.02.01"]
[EventType "swiss"]
[EventCountry "BLR"]
[SourceTitle "playchess.com"]
[Source "ChessBase"]
[SourceQuality "1"]

{[%evp 14,117,29,39,30,34,60,63,66,0,26,33,35,32,90,80,116,102,100,77,88,91,111,88,112,94,105,105,96,99,128,112,109,112,108,118,150,122,122,120,126,143,132,130,141,127,179,161,160,140,174,174,181,179,192,158,158,158,158,158,158,158,158,158,158,158,158,151,174,174,311,311,311,311,752,381,1536,1536,5093,5077,29957,29956,29960,29963,29961,29961,7745,7745,29972,29977,29971,29975,29980,29981,29980,29982,29979,29983,29983,29982,29982,29983,29983,29984,29984,29985]} 1. d4 Nf6 2. c4 Nc6 3. Nf3 e6 4. g3 Bb4+ 5. Bd2 Qe7 6. Nc3 O-O 7. Bg2 d6 8. O-O Bxc3 {E11: Bogo-Indian} 9. Bxc3 e5 10. d5 Nb8 {White is slightly better.} 11. c5 (11. Nd2 $14) 11... Nbd7 12. cxd6 cxd6 13. Nd2 {[#]} Nb6 $146 ({Black should play} 13... b6 $14) ({Predecessor:} 13... b6 14. b4 Ba6 15. Re1 Rfc8 16. Bb2 e4 17. Nf1 Ne5 18. Ne3 Nc4 19. Nf5 Qd7 {1-0 (37) Vidit,S (2673)-Arnold,M (2524) chess.com INT 2017}) 14. e4 $36 {[%mdl 2048] White is in control.} Bg4 15. f3 Bd7 16. b3 Rfc8 17. Rc1 Bb5 18. Rf2 Rc7 19. Nf1 Rac8 20. Rfc2 Ne8 21. Ne3 Qg5 22. Bd2 Qd8 23. a4 Rxc2 24. Rxc2 Bd3 25. Rc3 Ba6 26. Qc1 g6 27. Bh3 Rxc3 28. Qxc3 h5 29. Kf2 h4 (29... Nf6 $16 30. Qc2 Na8) 30. Qc2 hxg3+ 31. hxg3 {Threatens to win with b4.} Qc7 32. Qxc7 Nxc7 33. Bb4 Ne8 34. f4 Nf6 {[#]} 35. a5 $1 {[%cal Ra5b6]} Nbd7 36. Bxd7 $1 (36. Bxd6 Nxe4+ 37. Kf3 Nxd6 $11) 36... Nxd7 {[%mdl 4096] Endgame KBN-KBN} 37. Nc4 exf4 38. gxf4 ({Don't play} 38. Bxd6 $6 fxg3+ 39. Kxg3 f6 $14) 38... f5 39. exf5 gxf5 40. Ke3 ({Resist} 40. Nxd6 $6 Nf6 $14) 40... Nf6 41. Kd4 Bxc4 (41... Ne8 $142 42. Nxd6 Nxd6) 42. bxc4 $18 {KB-KN} ({Not} 42. Kxc4 Ne8 $11) 42... Ne4 43. c5 dxc5+ $2 (43... Kf7 44. cxd6 Nf6) 44. Bxc5 a6 $2 (44... b6 45. axb6 axb6 46. Bxb6 Nf6) 45. Bb6 Kf7 46. Ke5 Nf6 47. Kd6 Ne8+ 48. Kd7 Nf6+ 49. Kc7 Nxd5+ 50. Kxb7 Nxf4 51. Kxa6 {White mates.} Nd5 {[#]} 52. Bc5 $1 Ke6 53. Kb7 Kd7 54. a6 {[%cal Ba5a6,Ba6a7][%mdl 32]} Nc7 55. a7 f4 56. Bb6 f3 57. Bf2 Kd6 58. Bh4 Kd7 59. Bg3 {Accuracy: White = 96%, Black = 55%.} 1-0

[Event "BLR-ch 1st Stage Men 2020"]
[Site "Minsk"]
[Date "2020.02.01"]
[Round "2.7"]
[White "Terzi, Alexei"]
[Black "Oblamski, Vladimir"]
[Result "1-0"]
[WhiteElo "2321"]
[BlackElo "2136"]
[Annotator "TA"]
[PlyCount "91"]
[EventDate "2020.02.01"]
[EventType "swiss"]
[EventCountry "BLR"]
[SourceTitle "playchess.com"]
[Source "ChessBase"]
[SourceQuality "1"]

{[%evp 10,91,-6,0,9,-2,65,63,72,30,72,72,64,56,70,60,50,54,100,113,113,102,125,85,78,45,90,62,71,42,79,0,197,86,70,82,79,62,103,95,150,157,157,155,145,157,262,274,271,284,283,270,271,265,298,256,281,270,289,278,311,310,301,301,297,283,293,284,278,276,451,436,480,468,445,440,724,685,670,665,628,587,12843,12843]} 1. e4 e6 2. d4 d5 3. Bd3 dxe4 4. Bxe4 Nf6 5. Bf3 c5 6. Ne2 cxd4 {C01: French: Exchange Variation} 7. Qxd4 Qxd4 ({Better is} 7... Bd6 $11) 8. Nxd4 $14 a6 {White is slightly better.} 9. Nc3 e5 10. Nb3 {[#]} Nc6 $146 ({Predecessor:} 10... Bb4 11. O-O O-O 12. Nd5 Nxd5 13. Bxd5 Nd7 14. c3 Bd6 15. f4 Nf6 16. fxe5 Bxe5 {½-½ (42) Kunte,A (1460)-Akshit,J (1706) Mumbai 2020}) 11. Bg5 Bb4 12. O-O-O Bxc3 13. bxc3 O-O 14. Bxf6 gxf6 15. Rd6 Be6 16. Bxc6 bxc6 17. Rxc6 a5 18. a3 Rfb8 19. Nc5 Ba2 {And now ...Rb1+ would win.} 20. Kd2 (20. Re1 $16) 20... Rb2 $2 {[#]} (20... Rd8+ $11 21. Ke3 Rdc8 22. Rxc8+ Rxc8) 21. Rc1 ({And not} 21. Rxf6 Rd8+ 22. Ke3 Rxc2 $11) (21. c4 $1 $18) 21... Rd8+ $16 22. Ke3 f5 23. Nd3 f4+ 24. Ke4 Bd5+ (24... Rb5 $142 25. a4 (25. Nxe5 Re8 $17) 25... Bd5+ 26. Kxe5 Bxc6+ 27. axb5 Bxb5) 25. Kxe5 {[#] aiming for Rd6.} Bxc6 26. Nxb2 {[%mdl 4096] Endgame KRB-KRN} Rd2 27. Nd3 Ba4 (27... f3 $16) 28. Nxf4 $18 Rxf2 29. Ke4 Rd2 30. Ke3 Rd6 31. c4 Rb6 32. Nd5 Re6+ 33. Kd3 Kg7 34. Rf1 Rh6 35. h3 Rg6 36. g4 h5 37. Rf4 Bd7 38. Ne3 hxg4 39. hxg4 Rc6 $2 (39... Kf8 {was called for.} 40. Rd4 Ke7) 40. Rd4 {White is clearly winning.} Be6 41. Rd8 Rc5 42. Kd4 Rg5 (42... Rc6 $142 43. Ra8 Rd6+ 44. Kc3 a4 45. Rxa4 Rd8) 43. c5 {[%cal Bc4c5,Bc5c6,Bc6c7][%mdl 32]} Bxg4 44. c6 Be6 45. c7 f5 46. Re8 {Accuracy: White = 74%, Black = 43%.} 1-0

[Event "BLR-ch 1st Stage Men 2020"]
[Site "Minsk"]
[Date "2020.02.01"]
[Round "3.1"]
[White "Teterev, Vitaly"]
[Black "Siniauski, Artsiom"]
[Result "1/2-1/2"]
[WhiteElo "2476"]
[BlackElo "2265"]
[Annotator "ChessBase"]
[PlyCount "110"]
[EventDate "2020.02.01"]
[EventType "swiss"]
[EventCountry "BLR"]
[SourceTitle "playchess.com"]
[Source "ChessBase"]
[SourceQuality "1"]
[TimeControl "40/5400+30:1800+30"]

1. Nf3 {[%emt 0:00:00]} Nf6 {[%emt 0:00:00]} 2. g3 {[%emt 0:00:00]} g6 {[%emt 0:00:00]} 3. Bg2 {[%emt 0:00:00]} Bg7 {[%emt 0:00:00]} 4. d4 {[%emt 0:00:28]} d5 {[%emt 0:01:06]} 5. c4 {[%emt 0:00:24]} c6 {[%emt 0:00:17]} 6. Qb3 {[%emt 0:00:56]} O-O {[%emt 0:00:46]} 7. O-O {[%emt 0:00:21]} Qb6 {[%emt 0:00:11]} 8. Nc3 {[%emt 0:00:27]} Rd8 {[%emt 0:00:22]} 9. Rd1 {[%emt 0:01:32]} Bf5 {[%emt 0:01:06]} 10. Ne1 {[%emt 0:01:52]} Be6 {[%emt 0:01:00]} 11. c5 {[%emt 0:01:32]} Qxb3 {[%emt 0:00:34]} 12. axb3 {[%emt 0:00:06]} Na6 {[%emt 0:01:37]} 13. Ra4 {[%emt 0:07:08]} Ne4 {[%emt 0:11:00]} 14. f3 {[%emt 0:09:22]} Nexc5 {[%emt 0:04:46]} 15. dxc5 {[%emt 0:00:37]} d4 {[%emt 0:00:15]} 16. Ne4 {[%emt 0:07:04]} Bxb3 {[%emt 0:00:23]} 17. Rxa6 {[%emt 0:00:20]} Bxd1 {[%emt 0:01:00]} 18. Ra3 {[%emt 0:02:19]} Bxe2 {[%emt 0:02:21]} 19. Nd3 {[%emt 0:02:22]} Bxd3 {[%emt 0:03:35]} 20. Rxd3 {[%emt 0:00:01]} Rd5 {[%emt 0:00:24]} 21. b4 {[%emt 0:02:16]} a5 {[%emt 0:10:28]} 22. Ra3 {[%emt 0:00:48]} Ra6 {[%emt 0:00:31]} 23. bxa5 {[%emt 0:06:35]} f5 {[%emt 0:01:39]} 24. Nf2 {[%emt 0:00:15]} Rxc5 {[%emt 0:00:37]} 25. Bd2 {[%emt 0:00:05]} Rc2 {[%emt 0:02:00]} 26. Be1 {[%emt 0:00:28]} e5 {[%emt 0:04:52]} 27. Bf1 {[%emt 0:11:15]} Ra7 {[%emt 0:03:01]} 28. Ra1 {[%emt 0:02:56]} Bh6 {[%emt 0:05:22]} 29. Bd3 {[%emt 0:05:39]} Rc1 {[%emt 0:04:01]} 30. Rxc1 {[%emt 0:00:07]} Bxc1 {[%emt 0:00:04]} 31. Bc4+ {[%emt 0:00:10]} Kg7 {[%emt 0:00:33]} 32. Nd3 {[%emt 0:00:45]} Be3+ {[%emt 0:00:17]} 33. Kg2 {[%emt 0:02:01]} Kf6 {[%emt 0:14:39]} 34. Nc5 {[%emt 0:01:05]} d3 {[%emt 0:02:00]} 35. Nxd3 {[%emt 0:02:29]} Bd4 {[%emt 0:00:18]} 36. h4 {[%emt 0:05:43]} h6 {[%emt 0:04:09]} 37. g4 {[%emt 0:05:19]} e4 {[%emt 0:03:35]} 38. fxe4 {[%emt 0:01:59]} fxe4 {[%emt 0:00:12]} 39. Nf4 {[%emt 0:00:59]} Be5 {[%emt 0:01:56]} 40. Ne6 {[%emt 0:00:00]} h5 {[%emt 0:00:00]} 41. g5+ {[%emt 0:07:05]} Ke7 {[%emt 0:07:34]} 42. Kf2 {[%emt 0:00:44]} Bd6 {[%emt 0:11:35]} 43. Ke2 {[%emt 0:14:36]} Ra8 {[%emt 0:03:00]} 44. Bc3 {[%emt 0:03:57]} b5 {[%emt 0:07:19]} 45. axb6 {[%emt 0:01:18]} Ra4 {[%emt 0:00:11]} 46. Bb3 {[%emt 0:00:29]} Ra3 {[%emt 0:00:09]} 47. Bf6+ {[%emt 0:00:25]} Kd7 {[%emt 0:00:37]} 48. Nd4 {[%emt 0:00:22]} Ra6 {[%emt 0:11:02]} 49. Bf7 {[%emt 0:06:42]} c5 {[%emt 0:00:52]} 50. Nc2 {[%emt 0:01:37]} Rxb6 {[%emt 0:00:47]} 51. Bxg6 {[%emt 0:10:48]} Bg3 {[%emt 0:00:17]} 52. Ne3 {[%emt 0:03:07]} Bxh4 {[%emt 0:00:52]} 53. Nd5 {[%emt 0:00:23]} Rd6 {[%emt 0:01:11]} 54. Bf7 {[%emt 0:01:01]} Rxf6 {[%emt 0:02:22]} 55. gxf6 {[%emt 0:01:17]} Bxf6 {[%emt 0:00:07]} 1/2-1/2

[Event "BLR-ch 1st Stage Men 2020"]
[Site "Minsk"]
[Date "2020.02.01"]
[Round "3.2"]
[White "Galkin, Gleb"]
[Black "Zarubitski, Viachaslau"]
[Result "0-1"]
[WhiteElo "2190"]
[BlackElo "2451"]
[Annotator "ChessBase"]
[PlyCount "164"]
[EventDate "2020.02.01"]
[EventType "swiss"]
[EventCountry "BLR"]
[SourceTitle "playchess.com"]
[Source "ChessBase"]
[SourceQuality "1"]
[TimeControl "40/5400+30:1800+30"]

1. d4 {[%emt 0:00:00]} Nf6 {[%emt 0:00:20]} 2. c4 {[%emt 0:00:00]} e6 {[%emt 0:00:07]} 3. Nf3 {[%emt 0:00:00]} Bb4+ {[%emt 0:00:06]} 4. Bd2 {[%emt 0:00:03]} c5 {[%emt 0:00:04]} 5. Bxb4 {[%emt 0:00:07]} cxb4 {[%emt 0:00:05]} 6. g3 {[%emt 0:00:11]} b6 {[%emt 0:00:08]} 7. Bg2 {[%emt 0:00:11]} Bb7 {[%emt 0:00:03]} 8. O-O {[%emt 0:00:09]} O-O {[%emt 0:00:39]} 9. a3 {[%emt 0:01:07]} bxa3 {[%emt 0:00:06]} 10. Rxa3 {[%emt 0:00:13]} a5 {[%emt 0:00:07]} 11. Nc3 {[%emt 0:01:44]} Na6 {[%emt 0:01:21]} 12. d5 {[%emt 0:03:39]} Rc8 {[%emt 0:06:27]} 13. Ne5 {[%emt 0:04:34]} exd5 {[%emt 0:28:43]} 14. Nxd5 {[%emt 0:01:24]} Nxd5 {[%emt 0:01:48]} 15. Bxd5 {[%emt 0:12:00]} Bxd5 {[%emt 0:00:32]} 16. Qxd5 {[%emt 0:05:17]} Rc5 {[%emt 0:00:32]} 17. Qd4 {[%emt 0:02:23]} Qf6 {[%emt 0:00:58]} 18. Re3 {[%emt 0:11:38]} d6 {[%emt 0:01:36]} 19. Nf3 {[%emt 0:00:05]} Qxd4 {[%emt 0:00:09]} 20. Nxd4 {[%emt 0:00:06]} Rxc4 {[%emt 0:00:07]} 21. Nf5 {[%emt 0:00:26]} Rb4 {[%emt 0:07:13]} 22. Rb1 {[%emt 0:01:20]} g6 {[%emt 0:01:12]} 23. Nxd6 {[%emt 0:02:46]} Rd8 {[%emt 0:00:19]} 24. Ne4 {[%emt 0:02:19]} Kg7 {[%emt 0:00:28]} 25. f3 {[%emt 0:02:02]} h6 {[%emt 0:15:29]} 26. Kf1 {[%emt 0:04:47]} f5 {[%emt 0:05:40]} 27. Nf2 {[%emt 0:02:23]} Nc5 {[%emt 0:00:06]} 28. Ke1 {[%emt 0:08:24]} Kf6 {[%emt 0:04:00]} 29. Rc3 {[%emt 0:01:08]} Re8 {[%emt 0:13:18]} 30. Nd3 {[%emt 0:03:39]} Nxd3+ {[%emt 0:00:26]} 31. Rxd3 {[%emt 0:00:04]} Re5 {[%emt 0:01:41]} 32. Kd1 {[%emt 0:06:49]} Reb5 {[%emt 0:03:53]} 33. Rc1 {[%emt 0:03:55]} Re5 {[%emt 0:04:25]} 34. Rc6+ {[%emt 0:03:16]} Re6 {[%emt 0:00:08]} 35. Rxe6+ {[%emt 0:00:22]} Kxe6 {[%emt 0:00:01]} 36. Kc2 {[%emt 0:00:48]} Rc4+ {[%emt 0:01:30]} 37. Kd2 {[%emt 0:01:00]} Rc5 {[%emt 0:00:48]} 38. Re3+ {[%emt 0:05:00]} Re5 {[%emt 0:00:10]} 39. Rc3 {[%emt 0:04:02]} Kd7 {[%emt 0:00:14]} 40. Rc4 {[%emt 0:00:00]} Rb5 {[%emt 0:00:00]} 41. Kc3 {[%emt 0:05:03]} Kd6 {[%emt 0:02:51]} 42. Rd4+ {[%emt 0:00:56]} Kc6 {[%emt 0:00:31]} 43. e4 {[%emt 0:02:16]} Rc5+ {[%emt 0:03:01]} 44. Kd2 {[%emt 0:02:28]} fxe4 {[%emt 0:00:38]} 45. Rxe4 {[%emt 0:00:14]} Kd5 {[%emt 0:03:37]} 46. Rh4 {[%emt 0:02:03]} h5 {[%emt 0:00:30]} 47. Rf4 {[%emt 0:01:16]} Rc4 {[%emt 0:01:45]} 48. Rf8 {[%emt 0:01:04]} Rc6 {[%emt 0:01:10]} 49. Kd3 {[%emt 0:03:41]} Kc5 {[%emt 0:01:35]} 50. Rf4 {[%emt 0:00:30]} Rd6+ {[%emt 0:00:36]} 51. Kc2 {[%emt 0:02:16]} b5 {[%emt 0:00:16]} 52. h4 {[%emt 0:03:01]} Re6 {[%emt 0:03:06]} 53. b3 {[%emt 0:06:35]} Re2+ {[%emt 0:00:45]} 54. Kc1 {[%emt 0:00:56]} Rh2 {[%emt 0:01:15]} 55. Re4 {[%emt 0:05:30]} Rh3 {[%emt 0:01:33]} 56. Re5+ {[%emt 0:00:30]} Kb4 {[%emt 0:00:00]} 57. Rg5 {[%emt 0:00:16]} Rh1+ {[%emt 0:03:03]} 58. Kb2 {[%emt 0:03:58]} Rh2+ {[%emt 0:00:06]} 59. Kb1 {[%emt 0:00:47]} Rf2 {[%emt 0:00:35]} 60. g4 {[%emt 0:00:49]} Rxf3 {[%emt 0:00:21]} 61. gxh5 {[%emt 0:07:00]} gxh5 {[%emt 0:00:16]} 62. Ka2 {[%emt 0:00:00]} Rf2+ {[%emt 0:11:24]} 63. Kb1 {[%emt 0:00:00]} Rf4 {[%emt 0:04:57]} 64. Rxh5 {[%emt 0:00:00]} Rf1+ {[%emt 0:00:03]} 65. Kb2 {[%emt 0:00:00]} Rf2+ {[%emt 0:00:28]} 66. Kb1 {[%emt 0:00:00]} Rf3 {[%emt 0:00:04]} 67. Ka2 {[%emt 0:00:00]} Rh3 {[%emt 0:00:05]} 68. Rg5 {[%emt 0:00:00]} Rh2+ {[%emt 0:00:04]} 69. Kb1 {[%emt 0:00:00]} Rh1+ {[%emt 0:00:02]} 70. Kb2 {[%emt 0:00:00]} Rh2+ {[%emt 0:00:04]} 71. Kb1 {[%emt 0:00:00]} Rxh4 {[%emt 0:00:05]} 72. Kb2 {[%emt 0:00:00]} Rh2+ {[%emt 0:00:05]} 73. Kb1 {[%emt 0:00:00]} Rd2 {[%emt 0:01:21]} 74. Rh5 {[%emt 0:00:00]} Rg2 {[%emt 0:00:13]} 75. Rf5 {[%emt 0:00:00]} Rg3 {[%emt 0:00:17]} 76. Ka2 {[%emt 0:00:00]} Rc3 {[%emt 0:00:57]} 77. Rh5 {[%emt 0:00:24]} Rc2+ {[%emt 0:00:31]} 78. Kb1 {[%emt 0:00:09]} Rc5 {[%emt 0:00:08]} 79. Rxc5 {[%emt 0:01:53]} Kxc5 {[%emt 0:00:04]} 80. Kc1 {[%emt 0:05:11]} Kd4 {[%emt 0:00:38]} 81. Kc2 {[%emt 0:00:40]} Ke3 {[%emt 0:00:36]} 82. Kc3 {[%emt 0:00:42]} b4+ {[%emt 0:00:25]} 0-1

[Event "BLR-ch 1st Stage Men 2020"]
[Site "Minsk"]
[Date "2020.02.01"]
[Round "3.3"]
[White "Meribanov, Vitaly"]
[Black "Strybuk, Artsiom I"]
[Result "1/2-1/2"]
[WhiteElo "2417"]
[BlackElo "2166"]
[Annotator "NA"]
[PlyCount "60"]
[EventDate "2020.02.01"]
[EventType "swiss"]
[EventCountry "BLR"]
[SourceTitle "playchess.com"]
[Source "ChessBase"]
[SourceQuality "1"]
[TimeControl "40/5400+30:1800+30"]

1. d4 {[%emt 0:00:00]} Nf6 {[%emt 0:00:00]} 2. c4 {[%emt 0:00:00]} g6 {[%emt 0:01:26]} 3. Nf3 {[%emt 0:00:00]} Bg7 {[%emt 0:00:25]} 4. Nc3 {[%emt 0:00:00]} d5 {[%emt 0:00:16]} 5. Qb3 {[%emt 0:00:02]} e6 {[%emt 0:00:05]} 6. Bf4 {[%emt 0:02:17]} O-O {[%emt 0:05:12]} 7. e3 {[%emt 0:00:26]} b6 {[%emt 0:05:35]} 8. cxd5 {[%emt 0:06:50]} exd5 {[%emt 0:00:54]} 9. Rc1 {[%emt 0:00:23]} c5 {[%emt 0:08:41]} 10. dxc5 {[%emt 0:01:53]} bxc5 {[%emt 0:11:03]} 11. Bxb8 {[%emt 0:01:54]} d4 {[%emt 0:02:45]} 12. Be5 {[%emt 0:06:04]} dxc3 {[%emt 0:09:51]} 13. bxc3 {[%emt 0:07:52]} Bg4 {[%emt 0:03:49]} 14. Be2 {[%emt 0:06:11]} Ne4 {[%emt 0:07:08]} 15. Bxg7 {[%emt 0:16:26]} Bxf3 {[%emt 0:05:51]} 16. Qc2 {[%emt 0:28:46]} Bxg2 {[%emt 0:07:45]} 17. Rg1 {[%emt 0:00:03]} Kxg7 {[%emt 0:00:38]} 18. Rxg2 {[%emt 0:00:02]} Nf6 {[%emt 0:02:21]} 19. h4 {[%emt 0:05:02]} Qd5 {[%emt 0:02:36]} 20. Rg1 {[%emt 0:00:05]} Rad8 {[%emt 0:03:14]} 21. c4 {[%emt 0:02:36]} Qe5 {[%emt 0:00:47]} 22. Bf3 {[%emt 0:03:42]} Rfe8 {[%emt 0:03:22]} 23. Rg5 {[%emt 0:02:42]} Qf4 {[%emt 0:04:17]} 24. Ke2 {[%emt 0:03:04]} Qxh4 {[%emt 0:01:23]} 25. Rxc5 {[%emt 0:00:04]} Ng4 {[%emt 0:05:03]} 26. Qc3+ {[%emt 0:00:02]} Kg8 {[%emt 0:00:33]} 27. Rf1 {[%emt 0:03:01]} Rxe3+ {[%emt 0:03:35]} 28. fxe3 {[%emt 0:00:05]} Qh2+ {[%emt 0:00:05]} 29. Ke1 {[%emt 0:00:07]} Qg3+ {[%emt 0:00:50]} 30. Ke2 {[%emt 0:00:00]} Qh2+ {[%emt 0:00:09]} 1/2-1/2

[Event "BLR-ch 1st Stage Men 2020"]
[Site "Minsk"]
[Date "2020.02.01"]
[Round "3.4"]
[White "Yezhel, Valiantsin"]
[Black "Terzi, Alexei"]
[Result "1-0"]
[WhiteElo "2187"]
[BlackElo "2321"]
[Annotator "NA"]
[PlyCount "99"]
[EventDate "2020.02.01"]
[EventType "swiss"]
[EventCountry "BLR"]
[SourceTitle "playchess.com"]
[Source "ChessBase"]
[SourceQuality "1"]
[TimeControl "40/5400+30:1800+30"]

1. d4 {[%emt 0:00:00]} Nf6 {[%emt 0:00:00]} 2. c4 {[%emt 0:00:18]} c5 {[%emt 0:00:02]} 3. d5 {[%emt 0:01:14]} b5 {[%emt 0:00:08]} 4. cxb5 {[%emt 0:01:32]} a6 {[%emt 0:00:05]} 5. bxa6 {[%emt 0:00:32]} g6 {[%emt 0:00:13]} 6. Nc3 {[%emt 0:00:14]} Bxa6 {[%emt 0:02:12]} 7. e4 {[%emt 0:01:07]} Bxf1 {[%emt 0:00:06]} 8. Kxf1 {[%emt 0:00:03]} d6 {[%emt 0:00:11]} 9. Nf3 {[%emt 0:00:07]} Bg7 {[%emt 0:00:06]} 10. g3 {[%emt 0:00:03]} O-O {[%emt 0:00:06]} 11. Kg2 {[%emt 0:00:02]} Qb6 {[%emt 0:01:59]} 12. h3 {[%emt 0:13:54]} Nbd7 {[%emt 0:02:03]} 13. Qc2 {[%emt 0:00:16]} Rfb8 {[%emt 0:00:18]} 14. Rb1 {[%emt 0:00:15]} Ne8 {[%emt 0:03:16]} 15. Bg5 {[%emt 0:00:27]} Nc7 {[%emt 0:03:33]} 16. Rhc1 {[%emt 0:09:21]} h6 {[%emt 0:14:14]} 17. Be3 {[%emt 0:02:10]} Qa6 {[%emt 0:08:02]} 18. a4 {[%emt 0:13:48]} Rb4 {[%emt 0:11:29]} 19. Bd2 {[%emt 0:02:01]} Rb6 {[%emt 0:03:54]} 20. b3 {[%emt 0:01:07]} Rab8 {[%emt 0:00:37]} 21. Nd1 {[%emt 0:03:52]} R6b7 {[%emt 0:13:14]} 22. Ne3 {[%emt 0:00:50]} Nb6 {[%emt 0:00:26]} 23. h4 {[%emt 0:05:18]} h5 {[%emt 0:03:17]} 24. g4 {[%emt 0:08:50]} hxg4 {[%emt 0:02:59]} 25. Nxg4 {[%emt 0:00:02]} Ne8 {[%emt 0:05:49]} 26. h5 {[%emt 0:07:39]} gxh5 {[%emt 0:06:17]} 27. Nh6+ {[%emt 0:00:08]} Kf8 {[%emt 0:09:44]} 28. Nf5 {[%emt 0:08:09]} Nf6 {[%emt 0:03:47]} 29. Bc3 {[%emt 0:02:48]} Nbd7 {[%emt 0:03:23]} 30. Qd2 {[%emt 0:01:13]} Rxb3 {[%emt 0:00:44]} 31. Rxb3 {[%emt 0:00:19]} Rxb3 {[%emt 0:00:04]} 32. Qg5 {[%emt 0:00:19]} Qd3 {[%emt 0:00:57]} 33. Qxg7+ {[%emt 0:00:13]} Ke8 {[%emt 0:00:02]} 34. Qh8+ {[%emt 0:06:49]} Nf8 {[%emt 0:00:04]} 35. Nxd6+ {[%emt 0:00:20]} exd6 {[%emt 0:02:48]} 36. Qxf6 {[%emt 0:00:04]} Ng6 {[%emt 0:00:15]} 37. Ng5 {[%emt 0:05:01]} Rb7 {[%emt 0:01:19]} 38. Qxd6 {[%emt 0:01:07]} Qe2 {[%emt 0:00:38]} 39. Qg3 {[%emt 0:01:50]} Rb3 {[%emt 0:00:17]} 40. Kh2 {[%emt 0:00:00]} Qc4 {[%emt 0:00:00]} 41. Qf3 {[%emt 0:03:58]} Rb7 {[%emt 0:01:10]} 42. Rb1 {[%emt 0:02:03]} Qa6 {[%emt 0:06:27]} 43. Rxb7 {[%emt 0:00:32]} Qxb7 {[%emt 0:00:04]} 44. Qf6 {[%emt 0:00:59]} Qc7+ {[%emt 0:00:23]} 45. d6 {[%emt 0:00:22]} Qd7 {[%emt 0:00:05]} 46. a5 {[%emt 0:00:56]} Nf8 {[%emt 0:01:20]} 47. a6 {[%emt 0:00:22]} Ne6 {[%emt 0:00:43]} 48. Qh8+ {[%emt 0:01:48]} Nf8 {[%emt 0:00:05]} 49. Qxf8+ {[%emt 0:00:25]} Kxf8 {[%emt 0:00:06]} 50. Nh7+ {[%emt 0:00:03]} 1-0